000 00403nam a2200157Ia 4500
008 230312s9999||||xx |||||||||||||| ||und||
020 _a0-910019-71-1
082 _a332.63228
_bCOO-S
100 _aWADE B. COOK
245 0 _aStock Market Miracles
260 _bLighthouse
_aUSA
_c1997
300 _a290
546 _aEng.
650 _aEconomics
_vBuilding a great portfolio, earning money
942 _cBK
999 _c2452
_d2452